00318nam a2200133Ia 4500008004100000020001500041041001200056082001100068100002000079245004000099260002200139300000800161650001500169221030s9999 xx 000 0 und d a9350244197 aEnglish a105.23 aC. S. V. Murthy 0aBusiness Ethicscby C. S. V. Murthy bHPHaMumbaic2011 a629 aManagement